| 000 | 00787nam a2200241 i 4500 | ||
|---|---|---|---|
| 001 | 178092 | ||
| 003 | ES-MaACL | ||
| 005 | 20250728111829.0 | ||
| 007 | t| | ||
| 008 | 110517s1961 sp r ||||1| spa d | ||
| 080 | _a2(091) | ||
| 100 | 1 |
_aGraneris, Giuseppe. _9146574 |
|
| 245 | 1 | 0 |
_aTeología católica y ciencia de las religiones / _cGiuseppe Graneris ; [traducción de Joaquín Blázquez]. |
| 260 |
_aBarcelona : _bHerder, _c1961. |
||
| 300 |
_a87 p. ; _c18 cm. |
||
| 490 | 1 |
_aPequeña biblioteca Herder ; _v15 |
|
| 504 | _aBibliografía: p. 75-87. | ||
| 650 | 0 | 7 |
_aReligiones _2embne _916814 |
| 700 | 1 |
_aBlázquez, Joaquín. _929440 |
|
| 830 | 0 |
_aPequeña biblioteca Herder ; _v15 _9190720 |
|
| 852 |
_aES-MaACL _jE-15126 _xOlim P-274 |
||
| 999 |
_c178092 _d178092 |
||